Statistics for 20 Biggest Cities in France on a Map

Click here to take the quiz!

General Stats

  • This quiz has been taken 1,853 times
  • The average score is 13 of 20

Answers on the Map

Answers color-coded by a green-red scale on the quiz's map according to % correct below.
Loading ...
 

Answer Stats

PopulationCity% Correct
12,292,895Paris
99%
1,720,941Marseille
97%
1,003,947Nice
96%
2,188,759Lyon
96%
1,140,668Bordeaux
92%
1,250,251Toulouse
89%
764,013Strasbourg
86%
1,159,547Lille
83%
884,275Nantes
79%
561,326Montpellier
66%
679,866Rennes
66%
675,122Grenoble
53%
606,987Toulon
48%
655,013Rouen
46%
508,548Saint-Étienne
45%
515,123Avignon
44%
480,378Tours
43%
434,565Nancy
43%
467,178Clermont-Ferrand
33%
542,946Douai
11%

Score Distribution

Percentile by Number Answered

Percent of People with Each Score

Your Score History

You have not taken this quiz